000
00267nam a2200133Ia 4500
100
_a
Institute of Mgt Studies
942
_c
BK
654
_a
Orientation
245
_a
Orientation Course
260
_b
IMS
082
_a
658
_b
IMS
546
_a
ENGLISH
999
_c
32036
_d
32036